000 00562nam a2200205Ia 4500
005 20230130134440.0
008 131103s9999 xx 000 0 und d
040 _aLoreto College
041 _aEnglish
082 _a839.7
_bSTR
100 _aStrindberg,August
245 4 _aThe plays
_b Vol I
_cAugust Strindberg; introducted and translated by Michael Meyer
260 _aLondon
_bMercury Books
_c1964
300 _a480 p.
504 _aIncludes appendix
650 _aGerman Literature
700 _aMeyer,Michael,tr.
850 _aLCLIB
942 _cBK
999 _c5417
_d55896